Every U.S. Presidential Candidate - Statistics

General Stats
  • This quiz has been taken 582 times
    548 since last reset
  • The average score is 91 of 267
Answer Stats
Presidential Candidate % Correct
Kamala Devi Harris
95%
Donald John Trump
94%
George Washington
94%
Joseph Robinette "Joe" Biden Jr.
93%
DeWitt Clinton
92%
George Clinton
92%
Hillary Diane Rodham Clinton
92%
William Jefferson "Bill" Clinton
92%
George Herbert Walker Bush
91%
George Walker Bush
91%
John Pierce St. John
91%
Barack Hussein Obama II
90%
Lyndon Baines Johnson
89%
Andrew Johnson
88%
Charles Francis Adams Sr.
88%
Franklin Delano Roosevelt
88%
Gary Earl Johnson
88%
Herschel Vespasian Johnson
88%
Hiram Warren Johnson
88%
John Adams
88%
John Quincy Adams
88%
Richard Mentor Johnson
88%
Samuel Adams
88%
Theodore Roosevelt Jr.
88%
Thomas Jefferson
88%
John Fitzgerald Kennedy
87%
Richard Milhous Nixon
87%
Ronald Wilson Reagan
87%
Abraham Lincoln
85%
Albert Arnold "Al" Gore Jr.
84%
Benjamin Lincoln
84%
Harry S. Truman
83%
James Earl "Jimmy" Carter Jr.
83%
Dwight David Eisenhower
82%
James Madison
82%
Andrew Jackson
81%
James David Vance
81%
James Monroe
81%
Gerald Rudolph Ford Jr.
79%
Herbert Clark Hoover
79%
Benjamin Harrison
78%
Henry Wilson
78%
Michael Richard "Mike" Pence
78%
Thomas Woodrow Wilson
78%
Ulysses S. Grant
78%
William Henry Harrison
77%
Calvin Coolidge
76%
Robert Hanson Harrison
76%
Martin Van Buren
75%
William Howard Taft
75%
John Sidney McCain III
74%
Glen Hearst Taylor
73%
Willard Mitt Romney
73%
William McKinley
73%
Zachary Taylor
73%
John Tyler
72%
Stephen Grover Cleveland
72%
James Buchanan Jr.
70%
James Knox Polk
70%
James Abram Garfield
69%
John Forbes Kerry
69%
Timothy James "Tim" Walz
69%
Richard Bruce "Dick" Cheney
67%
Warren Gamaliel Harding
67%
Millard Fillmore
66%
Franklin Pierce
65%
Rutherford Birchard Hayes
65%
Al Emanuel Smith
62%
Henry Ross Perot Sr.
62%
Walter Frederick "Fritz" Mondale
61%
Michael Stanley Dukakis
60%
William Smith
60%
Robert Joseph "Bob" Dole
59%
Chester Alan Arthur
58%
Aaron Burr Jr.
57%
Spiro Theodore Agnew
57%
James Danforth "Dan" Quayle
56%
Thomas Edmund Dewey
56%
Sarah Louise Palin
53%
Adlai Ewing Stevenson I
52%
Adlai Ewing Stevenson II
52%
Barry Morris Goldwater
52%
Hubert Horatio Humphrey
50%
Timothy Michael "Tim" Kaine
50%
Henry Lee
49%
George Corley Wallace Jr.
48%
George Stanley McGovern
48%
Henry Agard Wallace
48%
Jill Ellen Stein
48%
Bernie Sanders
47%
Henry Clay Sr.
42%
William Jennings Bryan
42%
Charles Wayland Bryan
41%
Paul Davis Ryan
40%
Ralph Nader
40%
Johnny Reid "John" Edwards
39%
David Davis
38%
Henry Gassaway Davis
38%
John Bayard Anderson
38%
John William Davis
38%
Thomas Jefferson Anderson
38%
Ronald Ernest "Ron" Paul
36%
Joseph Isadore "Joe" Lieberman
34%
Alf Mossman Landon
33%
John Hancock
33%
Stephen Arnold Douglas
33%
Winfield Scott Hancock
33%
Rufus King
32%
William Rufus DeVane King
32%
Geraldine Anne Ferraro
31%
James Strom Thurmond Sr.
31%
John Caldwell Calhoun
30%
John Jay
30%
Wendell Lewis Willkie
30%
Benjamin Gratz Brown
29%
Charles Evans Hughes Sr.
29%
Eugene Victor Debs
29%
John Marshall
29%
Samuel Jones Tilden
28%
Faith Spotted Eagle (Tȟuŋkáŋ Inážiŋ Win)
26%
George Brinton McClellan
26%
Robert Marion La Follette Sr.
26%
Earl Warren
25%
Elizabeth Ann Warren
25%
Norman Mattoon Thomas
25%
Winfield Scott
25%
Hugh Lawson White
24%
Jack French Kemp
23%
James Middleton Cox
23%
John Cabell Breckinridge
23%
Alton Brooks Parker
22%
Hannibal Hamlin
22%
John Bell
22%
John Charles Frémont
22%
Jo Jorgensen
22%
Charles Cotesworth Pinckney
21%
Horace Greeley
21%
John Nance Garner III
21%
John Henry
20%
Thomas Pinckney
20%
Charles Curtis
19%
Daniel Webster
19%
Elbridge Gerry
19%
Harry Flood Byrd Sr.
19%
Alben William Barkley
18%
Henry Cabot Lodge Jr.
18%
William Edward Miller
18%
Edmund Sixtus Muskie
17%
Edward E. "Ed" Clark
17%
James Gillespie Blaine
17%
John Richard Kasich Jr.
17%
Lloyd Millard Bentsen Jr.
17%
Thomas Riley Marshall
17%
Colin Luther Powell
16%
James Schoolcraft Sherman
16%
Lewis Cass
16%
Schuyler Colfax Jr.
16%
William Harris Crawford
16%
Absolom Madden West
15%
Horatio Seymour
15%
James Baird Weaver
15%
Robert Sargent Shriver Jr.
15%
George Mifflin Dallas
14%
James Bond Stockdale
14%
William Floyd "Bill" Weld
14%
Carey Estes Kefauver
13%
Charles Warren Fairbanks
13%
Thomas Morris
13%
William Franklin "Frank" Knox
13%
Burton K. Wheeler
12%
Charles Gates Dawes
12%
Daniel D. Tompkins
12%
John Parker Hale
11%
Joseph Taylor Robinson
11%
Thomas Andrews Hendricks
11%
William Almon Wheeler
11%
Curtis Emerson LeMay
10%
Garret Augustus Hobart
10%
John Eager Howard
10%
John Floyd
10%
Levi Parsons Morton
10%
Thomas Edward Watson
10%
Benjamin Franklin Butler
9%
James Ross
9%
Jeremy "Spike" Cohen
9%
Nicholas Murray Butler
9%
William Orlando Butler
9%
Winona LaDuke
9%
Fielding Lewis Wright
8%
James Armstrong
8%
Samuel Johnston
8%
Susan Margaret Collins
8%
William Richardson Davie
8%
William Wirt
8%
Ajamu Sibeko Baraka
7%
John George Schmitz
7%
William Alexander Graham
7%
Allan Louis Benson
6%
John Jackson Sparkman
6%
John Milton
6%
John Rutledge Jr.
6%
Patrick Joseph Lucey
6%
Patrick "Pat" Choate
6%
William Daniel
6%
William Frederick Lemke
6%
William Hayden English
6%
Willie Person Mangum
6%
Allen Granberry Thurman
5%
Charles Jones Jenkins
5%
David Hamilton Koch
5%
Francis Preston Blair Jr.
5%
James Gaven Field
5%
John Anderson Brooks
5%
John William Bricker
5%
Richard Rush
5%
Robert Goodloe Harper
5%
Samuel Huntington
5%
Theodore Frelinghuysen
5%
Arthur Sewall
4%
Edward Telfair
4%
Francis Granger
4%
James Gillespie Birney
4%
John Alexander Logan
4%
Joseph Lane
4%
Oliver Ellsworth
4%
Silas Comfort Swallow
4%
Whitelaw Reid
4%
William Lewis Dayton
4%
William Wilkins
4%
Amos Ellmaker
3%
Barzillai Jefferson Chambers
3%
Charles Linza McNary
3%
Daniel Rodney
3%
Edward Everett
3%
Emil Seidel
3%
George Hunt Pendleton
3%
James Iredell
3%
Jared Ingersoll Jr.
3%
Nathaniel Macon
3%
Richard Stockton
3%
Thomas Charles O'Brien
3%
Aaron Sherman Watkins
2%
Alson Jenness Streeter
2%
Andrew Jackson Donelson
2%
Cara Carleton "Carly" Fiorina
2%
Clinton Bowen Fisk
2%
George Washington Carroll
2%
George Washington Julian
2%
John Bidwell
2%
John Granville Woolley
2%
John Langdon Jr.
2%
John Sergeant
2%
John Worth Kern
2%
Maria Ellen Cantwell
2%
Nathan Sanford
2%
Benjamin Hanford
1%
Charles E. Cunningham
1%
Eugene Wilder Chafin
1%
George Ross "Kirk" Kirkpatrick
1%
Henry Brewer Metcalf
1%
Ira Landrith
1%
James Britton Cranfill
1%
James Franklin "Frank" Hanly
1%
James Hudson Maurer
1%
Littleton Waller Tazewell
1%
Seymour "Stedy" Stedman
1%
No matching quizzes found
Score Distribution
Percent of People with Each Score
Percentile by Number Answered
Your Score History
You have not taken this quiz since the last reset